| 000 | 00636nam a2200181 a 4500 | ||
|---|---|---|---|
| 005 | 20260206064034.0 | ||
| 008 | 991125s1980 cu 000 0 spa u | ||
| 035 | _aUPN01000002881 | ||
| 049 | _aLT | ||
| 050 | 4 |
_aLB1651 _bC9.309 1980p |
|
| 245 | 0 | 0 |
_aAnatomía, fisiología e higiene del hombre : _bnoveno grado : programa. |
| 260 |
_aLa Habana : _bMinisterio de Educación : _bPueblo y Educación, _c1980. |
||
| 300 | _a32 p. | ||
| 650 | 4 |
_aAnatomía _xEstudio y enseñanza (Secundaria) _9575 |
|
| 650 | 4 |
_aFisiología _xEstudio y enseñanza (Secundaria) _920840 |
|
| 650 | 4 |
_aHIGIENE - _xESTUDIO Y ENSEÑANZA (SECUNDARIA) |
|
| 905 | _aLibro | ||
| 999 |
_c2881 _d2881 |
||